000 00434nam a2200157Ia 4500
008 220803s9999 xx 000 0 und d
020 _a978-81-7766-960-2
041 _aeng
082 _a891.46 CAN/MAH
100 _aCanfield J
_928011
245 _aChicken Soup For The Soul
260 _aPune
_bMehta Publishing House--
_c2009
300 _a269p
650 _aMarathi Literature.
_928012
700 _aCanfield J Mahajan U Tr.
_928013
999 _c17809
_d17809